[Event "39th Citta Arco Open 2017"]
[Site "Arco"]
[Date "2017.10.09"]
[Round "3.1"]
[White "De Santis, Alessio"]
[Black "Petrov, Nikita"]
[Result "1/2-1/2"]
[WhiteElo "2162"]
[BlackElo "2564"]
[Annotator "TA"]
[PlyCount "87"]
[EventDate "2017.??.??"]
[EventType "swiss"]
[EventCountry "ITA"]
[SourceTitle "playchess.com"]
[Source "ChessBase"]
[SourceQuality "1"]

{[%evp 12,87,0,-11,-14,-6,-22,-16,-22,-32,-20,-35,-27,-47,-31,-36,-19,-36,-30,-37,-26,-18,-19,-16,10,0,0,0,22,23,21,21,29,14,16,16,18,19,33,11,63,4,6,5,68,45,35,47,118,21,21,21,20,20,20,20,21,20,20,18,26,14,31,29,49,5,5,5,5,5,5,5,6,5,5,5,5,5]} 1. b3 e5 2. Bb2 Nc6 3. c4 Nf6 4. e3 d5 5. cxd5 Nxd5 6. a3 Bd6 7. Qc2 {LiveBook: 103 Games} Qg5 {A01: Nimzowitsch-Larsen Opening} (7... O-O 8. Nf3 Qe7 9. d3 f5 10. Nbd2 Bd7 11. Be2 a5 12. O-O Kh8 13. Rfd1 f4 14. e4 Nf6 15. h3 Be8 16. Rdc1 Bh5 17. Nc4 {½-½ (31) Bauer,C (2631)-Kravtsiv,M (2636) Cappelle la Grande 2016}) 8. Nf3 Qg6 9. Qxg6 hxg6 10. Nc3 Nxc3 11. Bxc3 f6 $146 ({Predecessor:} 11... Be6 12. b4 f6 13. d3 Kf7 14. Be2 g5 15. Nd2 {0-1 (35) Simsek,H (1864)-Ozen,B (2306) Istanbul 2016}) 12. h3 Be6 13. b4 O-O-O 14. Be2 g5 15. Rg1 Ne7 16. d4 {[%cal Rd4e5]} e4 17. Nd2 Bd5 18. b5 Kb8 19. Nc4 Nc8 20. Nxd6 Nxd6 21. Bb4 f5 22. Rc1 Rd7 23. Kd2 Ne8 24. a4 Nf6 25. a5 Be6 (25... b6 $11) 26. Rc5 (26. b6 $1 $14) 26... Nd5 $11 27. Ba3 Rhd8 (27... b6 $11 28. Rc6 Bf7) 28. Rgc1 Rf7 29. Bc4 Rfd7 {[#]} ({Better is} 29... f4 $14) 30. Bxd5 ({White should try} 30. a6 $1 $16) 30... Bxd5 31. b6 axb6 32. axb6 cxb6 33. Rb5 Rc8 34. Rxc8+ Kxc8 35. Rxb6 {[%mdl 4096] Endgame KRB-KRB} Bc6 36. Bc5 Rf7 37. Kc3 g4 38. hxg4 fxg4 {The position is equal.} 39. d5 Bxd5 40. Rg6 Rxf2 41. Rxg4 Rf7 42. Bd4 Kd7 43. Rxg7 Rxg7 44. Bxg7 {Precision: White = 52%, Black = 56%.} 1/2-1/2

[Event "39th Citta Arco Open 2017"]
[Site "Arco"]
[Date "2017.10.09"]
[Round "3.2"]
[White "Horvath, Csaba"]
[Black "Sprotte, Norbert"]
[Result "1-0"]
[WhiteElo "2507"]
[BlackElo "2154"]
[Annotator "TA"]
[PlyCount "49"]
[EventDate "2017.??.??"]
[EventType "swiss"]
[EventCountry "ITA"]
[SourceTitle "playchess.com"]
[Source "ChessBase"]
[SourceQuality "1"]

{[%evp 19,49,43,62,28,70,32,25,22,20,33,24,-54,23,38,73,64,67,67,123,119,193,243,416,437,463,423,447,435,440,437,1204,1210]} 1. c4 Nf6 2. Nf3 c5 3. Nc3 Nc6 4. e3 g6 5. d4 d6 (5... cxd4 6. exd4 d5 7. cxd5 Nxd5 8. Qb3 e6 9. Bb5 Bg7 10. O-O O-O 11. Bxc6 bxc6 12. Na4 Qd6 13. Re1 Rb8 14. Qd1 c5 15. Nxc5 Bb7 16. Bg5 Ba8 17. Qd2 Rb5 {0-1 (59) Caruana,F (2807)-Le,Q (2739) Saint Louis 2017}) 6. d5 {A35: Symmetrical English: 2 Nc3 Nc6 3 Nf3} Na5 7. e4 Bg7 8. Bd3 O-O 9. h3 a6 10. O-O Rb8 {LiveBook: 4 Games} 11. Re1 Nd7 $146 ({Predecessor:} 11... b5 12. cxb5 c4 13. Bc2 axb5 14. a3 Nd7 15. Nd4 {½-½ (56) Zontakh,A (2569)-Bocharov,D (2582) St Petersburg 2011}) 12. Bf4 b5 13. cxb5 c4 14. Bf1 axb5 15. e5 (15. Rc1 $11) 15... Nc5 ({Better is} 15... dxe5 $15 16. Nxe5 Nxe5 17. Bxe5 Bxe5 18. Rxe5 b4) 16. Rc1 $36 {[%mdl 2048] Black is under pressure.} Bf5 17. Nd4 Bd3 $1 {[#] ...dxe5 is the strong threat.} 18. b4 $1 {[%cal Rb4c5]} ({Worse is} 18. Ncxb5 dxe5 19. Bxe5 Bxe5 $17) (18. Ndxb5 Bxf1 19. Rxf1 Nd3 $17) 18... Bxf1 ({Black should play} 18... cxb3 $1 $14 19. Bxd3 dxe5) 19. bxa5 $16 {Strongly threatening exd6.} ({Much weaker is} 19. Rxf1 $6 dxe5 20. bxc5 b4 $15) 19... Bd3 (19... Nd3 $16) 20. Nc6 $18 Qc7 $2 (20... Qd7 {was necessary.} 21. exd6 (21. Nxb8 Rxb8 22. e6 fxe6 $11) 21... e5) 21. exd6 ({Not} 21. Nxb8 Rxb8 22. exd6 exd6 $14) 21... exd6 {White is clearly winning.} 22. Re7 Nd7 23. Qg4 Bf5 24. Qg3 Ra8 (24... Be5 $142 25. Nxe5 dxe5) 25. Nxb5 {Precision: White = 67%, Black = 27%.} 1-0

[Event "39th Citta Arco Open 2017"]
[Site "Arco"]
[Date "2017.10.09"]
[Round "3.3"]
[White "Voltolini, Giuseppe"]
[Black "Romanishin, Oleg M"]
[Result "1/2-1/2"]
[WhiteElo "2152"]
[BlackElo "2463"]
[Annotator "TA"]
[PlyCount "77"]
[EventDate "2017.??.??"]
[EventType "swiss"]
[EventCountry "ITA"]
[SourceTitle "playchess.com"]
[Source "ChessBase"]
[SourceQuality "1"]

{[%evp 21,77,0,0,0,0,0,0,0,4,0,0,-29,-12,-25,0,-35,-32,-36,-25,-29,0,-24,-5,-58,-5,-45,-33,-37,-23,-36,-31,-72,-31,-61,-32,-54,-39,-39,0,0,0,0,81,62,79,18,96,0,0,-12,-17,-11,0,-9,0,-15,0,-22]} 1. d4 Nf6 2. c4 e6 3. g3 Bb4+ 4. Bd2 a5 5. Bg2 d5 6. Nf3 dxc4 7. Qc2 {E04: Open Catalan: 5 Nf3} Bxd2+ 8. Nbxd2 (8. Qxd2 c6 9. a4 Ne4 10. Qf4 Qb6 11. O-O Qxb2 12. Ne5 f6 13. Nxc4 Qxa1 14. Qxe4 Na6 {1-0 (31) Matlakov,M (2730)-Bocharov,D (2576) Sochi 2017}) 8... b5 9. a4 c6 10. O-O O-O 11. b3 cxb3 {LiveBook: 32 Games} 12. Nxb3 b4 13. e4 Nbd7 14. Rfd1 Bb7 15. Ne5 Qc7 $146 16. Nd3 Qb6 17. h3 Rfd8 18. Kh2 Ba6 19. Rac1 Bxd3 20. Rxd3 Rac8 21. f4 h6 22. Qd1 (22. Rd2 $11) 22... Re8 ({Black should try} 22... Rc7 $15) 23. g4 Qc7 {Strongly threatening ...Nxe4!} 24. e5 Nd5 25. Bxd5 $1 exd5 26. Kg2 Qb6 27. Qc2 Qa6 {Threatens to win with ...c5!} 28. Rg3 c5 29. dxc5 Qc6 30. g5 hxg5 31. Rxg5 d4+ (31... Nf8 $11) 32. Kh2 $1 $16 {Black must now prevent Rcg1.} Qf3 (32... Qxa4 $2 33. Rcg1 $18) 33. Qf5 $1 {Hoping for Rcg1.} Nf8 (33... g6 $11 {remains equal.} 34. Rxg6+ fxg6 35. Qxg6+ Kf8 36. Qh6+ Ke7 37. Qg5+ Kf7) 34. Rcg1 ({Better is} 34. Nd2 $1 $16 Qe3 35. Ne4 $1 {[%mdl 512]}) 34... Ng6 $1 $36 {[%mdl 2048] The position is equal. White is under pressure.} ({But not} 34... Ne6 $6 {[#]} 35. Rxg7+ $1 {[%mdl 512]} Nxg7 36. Qg5 $16) 35. R5g3 Qf2+ 36. R3g2 Qe3 37. Rg3 Qf2+ 38. R3g2 $1 {[%cal Rg2f2]} Qe3 39. Rg3 {Precision: White = 47%, Black = 36%.} 1/2-1/2

[Event "39th Citta Arco Open 2017"]
[Site "Arco"]
[Date "2017.10.09"]
[Round "3.4"]
[White "Almasi, Istvan"]
[Black "Valenti, Giuseppe"]
[Result "1-0"]
[WhiteElo "2421"]
[BlackElo "2149"]
[Annotator "TA"]
[PlyCount "73"]
[EventDate "2017.??.??"]
[EventType "swiss"]
[EventCountry "ITA"]
[SourceTitle "playchess.com"]
[Source "ChessBase"]
[SourceQuality "1"]

{[%evp 16,73,37,29,41,39,77,85,78,54,65,65,55,60,191,198,190,188,210,185,167,72,162,143,139,154,149,138,136,55,45,0,7,0,7,14,0,0,52,43,175,189,312,309,385,385,381,378,373,371,360,356,420,427,427,418,412,316,335,332]} 1. c4 e6 2. g3 Nf6 3. Bg2 d5 4. Nf3 Be7 5. O-O O-O 6. d4 dxc4 7. Ne5 c5 8. dxc5 Bxc5 9. Nc3 {[%cal Bb1c3,Bc3b5,Bb5d6,Bd6b7][%mdl 32] LiveBook: 23 Partien} h6 {E05: Katalanisch} (9... Nc6 10. Nxc6 Qxd1 11. Rxd1 bxc6 12. Bxc6 Rb8 13. Na4 Be7 14. Bf4 Bb7 15. Bb5 Rbc8 16. Rac1 Bc6 17. Nc3 Bxb5 18. Nxb5 a6 19. Nd6 Bxd6 20. Rxd6 {1-0 (74) Li,C (2703)-Nguyen,D (2496) Zaozhuang 2012}) 10. Nxc4 Nc6 11. Bf4 Bd7 $146 {Weiß steht besser.} ({Vorgänger:} 11... Qe7 12. Bd6 Bxd6 13. Qxd6 Qxd6 14. Nxd6 Rb8 15. Rac1 e5 16. e3 Be6 17. b3 {1-0 (59) Csala,I (2198)-Koczka,Z (2254) Heviz 2012}) 12. Nd6 Bxd6 13. Bxd6 Re8 14. Nb5 {Und Sc7 würde nun gewinnen.} Rc8 {[#]} (14... Nd5 $1 $14) 15. Ba3 $1 $18 Rb8 16. Nd6 Rf8 17. Rc1 Nd5 18. e4 (18. Nc4 $18 {ist viel giftiger.}) 18... Nde7 (18... Ndb4 $16) 19. e5 b5 {[#] Und weiter mit ...b4 wäre nett.} 20. Bc5 Nxe5 21. Nb7 Qe8 22. Bd6 (22. Qe2 $16 N5c6 23. Nd6 (23. Qxb5 Nd8 $11)) 22... Bc6 $14 23. Bxc6 N7xc6 24. Bxf8 Rxb7 25. Bc5 Rd7 26. Qb3 $36 {[%mdl 2048] Schwarz steht unter Druck.} Qa8 (26... Rd3 $11 27. Qxb5 Qa8) 27. f4 $1 {[%cal Rf4e5]} ({Jedoch nicht} 27. Qxb5 $2 Nd4 $19) 27... Rd2 ({Günstiger ist} 27... Nd3 $14) 28. Rf2 $18 Rd3 (28... Rxf2 $142 29. Kxf2 (29. Bxf2 Na5 $16) 29... Ng4+ 30. Kg1 a6) 29. Qc2 (29. Qxb5 a6 $18) 29... Nd4 30. Bxd4 $1 Nf3+ 31. Rxf3 Qxf3 32. Bxa7 Qd5 {Jetzt ...Td2 und Schwarz darf weiter klammern.} 33. Bf2 Qe4 34. Qc8+ Kh7 35. Re1 Qd5 36. Qc5 Qxa2 37. Qc2 {Precision: Weiß = 64%, Schwarz = 36%.} ({Finger weg von} 37. Qxb5 Rd2 $18) 1-0

[Event "39th Citta Arco Open 2017"]
[Site "Arco"]
[Date "2017.10.09"]
[Round "3.5"]
[White "Lezzerini, Marco"]
[Black "Gaprindashvili, Valeriane"]
[Result "0-1"]
[WhiteElo "2142"]
[BlackElo "2352"]
[Annotator "NA"]
[PlyCount "78"]
[EventDate "2017.??.??"]
[EventType "swiss"]
[EventCountry "ITA"]
[SourceTitle "playchess.com"]
[Source "ChessBase"]
[SourceQuality "1"]
[TimeControl "40/5400+30:1800+30"]

1. d4 {[%emt 0:00:30]} Nf6 {[%emt 0:02:00]} 2. c4 {[%emt 0:00:00]} b6 {[%emt 0:00:30]} 3. Nf3 {[%emt 0:04:00]} e6 {[%emt 0:00:30]} 4. g3 {[%emt 0:00:30]} Ba6 {[%emt 0:00:30]} 5. Qc2 {[%emt 0:04:30]} Bb7 {[%emt 0:01:30]} 6. Bg2 {[%emt 0:04:30] LiveBook: 532 Partien} c5 {[%emt 0:00:30]} 7. O-O {[%emt 0:03:30]} cxd4 {[%emt 0:01:30]} 8. Nxd4 {[%emt 0:00:30]} Bxg2 {[%emt 0:00:30]} 9. Kxg2 {[%emt 0:00:00]} Qc8 {[%emt 0:00:30]} 10. Nd2 {[%emt 0:11:00] E15: Queen's Indian: 4 g3 sidelines, 4 g3 Ba6 and 4 g3 Bb7 early deviations} Nc6 {[%emt 0:03:30]} 11. N2f3 $146 {[%emt 0:06:30]} ({Predecessor:} 11. Nxc6 Qxc6+ 12. Kg1 Rc8 13. Qd3 Be7 14. b3 d5 15. Bb2 dxc4 16. Nxc4 O-O 17. Rac1 Rfd8 18. Ne5 Qb7 19. Rxc8 Rxc8 20. Rc1 Rxc1+ 21. Bxc1 h6 22. Bb2 b5 23. a4 {½-½ (23) Paval,G (2229)-Filip,L (2490) Sarata Monteoru 2012}) 11... Nxd4 {[%emt 0:01:30]} 12. Nxd4 {[%emt 0:00:00]} Bc5 {[%emt 0:00:30]} 13. Nb3 {[%emt 0:05:00]} Qc6+ {[%emt 0:07:30]} 14. Kg1 {[%emt 0:00:30]} Rc8 {[%emt 0:08:30]} 15. Qd3 {[%emt 0:07:30]} O-O {[%emt 0:11:30]} 16. Bf4 {[%emt 0:07:30]} d5 {[%emt 0:04:30]} 17. cxd5 {[%emt 0:00:30]} Nxd5 {[%emt 0:02:30]} 18. Bd2 {[%emt 0:05:30]} Be7 {[%emt 0:06:30]} 19. Nd4 {[%emt 0:01:30]} Qc4 {[%emt 0:01:30]} 20. Qxc4 {[%emt 0:03:30]} Rxc4 {[%emt 0:00:30]} 21. e3 {[%emt 0:00:30]} Bf6 {[%emt 0:02:30]} 22. Rfc1 {[%emt 0:01:30]} Rxc1+ {[%emt 0:05:30]} 23. Rxc1 {[%emt 0:00:30]} Bxd4 {[%emt 0:00:00]} 24. exd4 {[%emt 0:00:00]} f6 {[%emt 0:01:00]} 25. Kf1 {[%emt 0:02:00]} Kf7 {[%emt 0:03:30]} 26. Ke2 {[%emt 0:01:30]} g5 {[%emt 0:00:30]} 27. h3 {[%emt 0:02:30]} h5 {[%emt 0:00:30]} 28. a4 {[%emt 0:08:30]} Ke7 {[%emt 0:02:30]} 29. Kd3 {[%emt 0:00:46]} Kd7 {[%emt 0:01:30]} 30. Rc2 {[%emt 0:01:00]} h4 {[%emt 0:05:30]} 31. gxh4 {[%emt 0:06:20]} gxh4 {[%emt 0:00:30]} 32. f3 {[%emt 0:01:36]} Rg8 {[%emt 0:02:30]} 33. Be1 {[%emt 0:00:07]} Rg1 {[%emt 0:01:30]} 34. Ke2 {[%emt 0:04:29]} Rg2+ {[%emt 0:12:12]} 35. Kd3 {[%emt 0:00:09]} Nf4+ {[%emt 0:00:04]} 36. Kc3 {[%emt 0:00:06]} Rg3 {[%emt 0:00:03]} 37. Rh2 {[%emt 0:07:43]} Rxf3+ $19 {[%emt 0:00:55]} 38. Kc2 {[%emt 0:00:25]} Rg3 {[%emt 0:05:13]} 39. Rh1 {[%emt 0:01:51]} Ne2 {[%emt 0:00:00]} 0-1

[Event "39th Citta Arco Open 2017"]
[Site "Arco"]
[Date "2017.10.09"]
[Round "3.6"]
[White "Lochte, Thomas"]
[Black "Molnar, Bela"]
[Result "0-1"]
[WhiteElo "2139"]
[BlackElo "2290"]
[Annotator "TA"]
[PlyCount "86"]
[EventDate "2017.??.??"]
[EventType "swiss"]
[EventCountry "ITA"]
[SourceTitle "playchess.com"]
[Source "ChessBase"]
[SourceQuality "1"]

{[%evp 9,86,48,76,65,74,70,73,39,66,32,27,14,54,53,71,69,75,23,23,42,62,55,57,55,53,50,50,27,32,32,17,21,22,8,12,0,0,0,0,0,0,0,42,-41,-37,-34,-34,-38,-38,-80,-41,-41,-41,-41,-48,-48,-31,-31,-31,-31,-31,-12837,-12838,-12838,-12839,-12840,-12840,-12841,-12841,-12844,-12843,-12845,-12843,-12846,-12847,-12847,-12847,-29988,-29989]} 1. e4 c5 2. d4 cxd4 3. c3 d3 4. Bxd3 Nc6 5. Nf3 Qc7 (5... d6 6. O-O Nf6 7. h3 g6 8. Qe2 Bg7 9. Rd1 Nd7 10. Be3 O-O 11. Nbd2 b6 12. Nd4 Nce5 13. Ba6 Nc5 14. Bxc8 Qxc8 15. N4f3 Nxf3+ 16. Qxf3 {½-½ (37) Petrov,N (2490)-Bernadskiy,V (2549) Riga 2016}) 6. O-O {B21: Sicilian: 2 f4 and Morra Gambit} Nf6 7. Na3 a6 8. Qe2 $146 {White is better.} ({Predecessor:} 8. Be3 Ng4 9. Bg5 e6 10. h3 h5 11. Bh4 Bc5 12. hxg4 hxg4 13. Bg3 Qxg3 {0-1 (13) Taskaya,F (1649)-Can,I (1733) Konya 2017}) 8... d6 9. Nd4 e5 10. Nxc6 Qxc6 11. Nc2 h6 12. Nb4 Qc7 13. Nd5 (13. a4 $16) 13... Nxd5 $11 14. exd5 f5 15. c4 g6 16. b4 Bg7 17. Bb2 O-O 18. Rac1 a5 19. a3 axb4 20. axb4 b6 21. Bc2 Bd7 22. Bb3 Ba4 23. Qc2 Bxb3 24. Qxb3 Rfb8 25. Ra1 e4 26. Rfc1 ({White should try} 26. Bxg7 $14 Kxg7 27. Rfc1) 26... Bxb2 $15 27. Qxb2 Qg7 28. Qxg7+ Kxg7 {[%mdl 4096] Endgame KRR-KRR} 29. Kf1 Kf6 {And now ...Rxa1 would win.} 30. Rxa8 Rxa8 {KR-KR} 31. c5 bxc5 32. bxc5 dxc5 33. Rxc5 Ra6 34. Ke2 ({Much worse is} 34. Rc6+ Rxc6 35. dxc6 Ke6 $17) 34... Ke5 35. Rc6 $2 {[%mdl 8192] [#]} (35. h4 $15) 35... Rxc6 $19 36. dxc6 {KP-KP} Kd6 37. Ke3 Kxc6 38. Kf4 Kd5 39. h4 Ke6 40. g4 h5 41. gxf5+ gxf5 42. Kg5 Ke5 {[#] ( -> ...f4)} 43. Kxh5 Kf6 {Precision: White = 37%, Black = 79%.} 0-1

[Event "39th Citta Arco Open 2017"]
[Site "Arco"]
[Date "2017.10.09"]
[Round "3.7"]
[White "Panjkovic, Aleksandar"]
[Black "Luciani, Carlo"]
[Result "1-0"]
[WhiteElo "2130"]
[BlackElo "2261"]
[Annotator "ChessBase"]
[PlyCount "89"]
[EventDate "2017.??.??"]
[EventType "swiss"]
[EventCountry "ITA"]
[SourceTitle "playchess.com"]
[Source "ChessBase"]
[SourceQuality "1"]
[TimeControl "40/5400+30:1800+30"]

1. c4 {[%emt 0:01:30]} Nf6 {[%emt 0:01:00]} 2. g3 {[%emt 0:00:30]} g6 {[%emt 0:00:00]} 3. Bg2 {[%emt 0:00:30]} Bg7 {[%emt 0:00:00]} 4. Nc3 {[%emt 0:00:30]} d6 {[%emt 0:00:30]} 5. e4 {[%emt 0:00:30]} O-O {[%emt 0:01:30]} 6. Nge2 {[%emt 0:00:30]} e5 {[%emt 0:00:00]} 7. O-O {[%emt 0:00:30]} Be6 {[%emt 0:01:00]} 8. d3 {[%emt 0:00:30]} Qd7 {[%emt 0:00:30]} 9. Nd5 {[%emt 0:14:30]} Ne8 {[%emt 0:12:30]} 10. Rb1 {[%emt 0:08:30]} c6 {[%emt 0:05:30]} 11. Ne3 {[%emt 0:03:30]} Bh3 {[%emt 0:02:30]} 12. b4 {[%emt 0:06:30]} Bxg2 {[%emt 0:00:30]} 13. Kxg2 {[%emt 0:04:30]} f5 {[%emt 0:03:30]} 14. exf5 {[%emt 0:05:30]} gxf5 {[%emt 0:00:30]} 15. f4 {[%emt 0:00:00]} Na6 {[%emt 0:06:30]} 16. Qb3 {[%emt 0:07:00]} Kh8 {[%emt 0:01:30]} 17. Bb2 {[%emt 0:01:30]} c5 {[%emt 0:02:30]} 18. a3 {[%emt 0:01:30]} Nec7 {[%emt 0:07:30]} 19. b5 {[%emt 0:04:30]} Nb8 {[%emt 0:00:30]} 20. Nc3 {[%emt 0:07:30]} Ne6 {[%emt 0:04:30]} 21. Ne2 {[%emt 0:07:30]} Nd4 {[%emt 0:03:30]} 22. Bxd4 {[%emt 0:01:30]} cxd4 {[%emt 0:01:30]} 23. Nd5 {[%emt 0:00:30]} b6 {[%emt 0:01:30]} 24. Ng1 {[%emt 0:02:31]} Qb7 {[%emt 0:01:30]} 25. Qb4 {[%emt 0:01:37]} Nd7 {[%emt 0:04:30]} 26. Qxd6 {[%emt 0:01:21]} e4 {[%emt 0:00:30]} 27. Qc6 {[%emt 0:03:26]} Rab8 {[%emt 0:01:30]} 28. Nh3 {[%emt 0:01:45]} Nc5 {[%emt 0:00:30]} 29. dxe4 {[%emt 0:01:13]} fxe4 {[%emt 0:00:30]} 30. f5 {[%emt 0:00:36]} Rfc8 {[%emt 0:03:30]} 31. Qxb7 {[%emt 0:02:30]} Rxb7 {[%emt 0:00:30]} 32. f6 {[%emt 0:00:26]} Bf8 {[%emt 0:00:30]} 33. Rf4 {[%emt 0:06:54]} d3 {[%emt 0:10:30]} 34. Rh4 {[%emt 0:01:56]} Rd8 {[%emt 0:01:30]} 35. Ng5 {[%emt 0:00:52]} Rxd5 {[%emt 0:00:30]} 36. cxd5 {[%emt 0:00:11]} e3 {[%emt 0:00:30]} 37. Ne6 {[%emt 0:02:09]} Rf7 {[%emt 0:01:30]} 38. Rd4 {[%emt 0:00:56]} d2 {[%emt 0:01:30]} 39. Kf3 {[%emt 0:00:34]} Bh6 {[%emt 0:01:30]} 40. Nf4 {[%emt 0:00:23]} Bxf4 {[%emt 0:05:30]} 41. gxf4 {[%emt 0:02:40]} Rxf6 {[%emt 0:01:30]} 42. Kxe3 {[%emt 0:00:00]} Rh6 {[%emt 0:00:30]} 43. d6 {[%emt 0:07:00]} Rh3+ {[%emt 0:06:30]} 44. Kxd2 {[%emt 0:01:30]} Rxh2+ {[%emt 0:00:30]} 45. Ke3 {[%emt 0:01:30]} 1-0

[Event "39th Citta Arco Open 2017"]
[Site "Arco"]
[Date "2017.10.09"]
[Round "3.8"]
[White "Ruecker, Benjamin"]
[Black "Trauth, Michael"]
[Result "1-0"]
[WhiteElo "2261"]
[BlackElo "2112"]
[Annotator "TA"]
[PlyCount "75"]
[EventDate "2017.??.??"]
[EventType "swiss"]
[EventCountry "ITA"]
[SourceTitle "playchess.com"]
[Source "ChessBase"]
[SourceQuality "1"]

{[%evp 17,75,46,49,48,60,60,60,64,75,43,81,80,79,70,70,75,93,88,114,118,139,138,159,87,128,50,145,132,167,172,162,141,204,194,309,310,492,340,339,347,379,316,528,525,1816,1685,29983,29984,29983,5485,5457,1301,5477,5477,5465,2472,2162,1449,1270,1241]} 1. d4 Nf6 2. c4 c5 3. d5 b5 4. cxb5 a6 5. bxa6 e6 6. Nc3 {A58: Benko/Volga Gambit: Lines with 5 bxa6} exd5 7. Nxd5 Nxa6 (7... Bxa6 8. Nf3 Nc6 9. e4 Bxf1 10. Kxf1 Be7 11. Nc3 d6 12. g3 O-O 13. Kg2 Qd7 {1-0 (24) Avrukh,B (2576)-Terrieux,K (2415) Sautron 2013}) 8. Bg5 Be7 9. Nxe7 Qxe7 {LiveBook: 3 Games} 10. Nf3 d5 11. e3 {Black must now prevent Bxf6.} O-O 12. Be2 h6 13. Bh4 (13. Bxf6 $5 Qxf6 14. Qxd5 Qxb2 15. O-O $16) 13... Be6 $146 ({Predecessor:} 13... Rd8) 14. O-O g5 15. Bg3 $36 {[%mdl 2048] White fights for an advantage.} Ne4 16. Be5 f6 17. Bc3 Nxc3 18. bxc3 c4 19. Nd4 Nc5 20. Qc2 ({White should play} 20. Bf3) 20... f5 21. Rfd1 (21. Rab1 $16) 21... Ra3 (21... Bd7 $14) 22. Bf3 $16 Ne4 23. Bxe4 $1 fxe4 24. Qd2 Bg4 (24... Bd7 $16 25. Rdb1 Qd6) 25. Rdb1 $18 Bh5 (25... Ra6 $142 26. Rb5 Raf6) 26. Rb6 Qf7 (26... Rf6 $142) 27. Nb5 Ra5 28. a4 Rfa8 29. Nd6 Qc7 $2 {[#]} (29... Qg7 {is a better defense.} 30. Rab1 Qe5) 30. Rab1 Bf7 31. Qd4 Qd7 32. Nxf7 Qxf7 33. Rxh6 (33. Rb8+ $142 Rxb8 34. Rxb8+ Kh7 35. Rh8+ Kg6 36. Qb6+ Kf5 37. Qxa5 Kf6 38. Qa6+ Ke7 39. Qb7+ Kf6 40. Qb6+ Kf5 41. Rxh6) 33... Qg7 {White is clearly winning.} 34. Rf6 (34. Qb6 $142 Qf7 35. Rg6+ Kh7 36. Rf6) 34... Kh7 35. Qe5 Rxa4 36. Qf5+ (36. g3 $142 Ra1 37. Rxa1 Rxa1+ 38. Kg2) 36... Kh8 37. Qh3+ Kg8 38. Qe6+ {Precision: White = 69%, Black = 23%.} 1-0

[Event "39th Citta Arco Open 2017"]
[Site "Arco"]
[Date "2017.10.09"]
[Round "3.9"]
[White "Oppici, Gabriele"]
[Black "Nazarenus, Moritz"]
[Result "0-1"]
[WhiteElo "1985"]
[BlackElo "2241"]
[Annotator "TA"]
[PlyCount "120"]
[EventDate "2017.??.??"]
[EventType "swiss"]
[EventCountry "ITA"]
[SourceTitle "playchess.com"]
[Source "ChessBase"]
[SourceQuality "1"]

{[%evp 11,119,-2,8,-10,-8,0,6,0,8,8,41,33,42,24,71,72,100,52,120,101,106,83,81,76,76,82,82,69,67,75,132,77,82,78,78,78,83,78,85,92,91,94,97,66,72,73,75,79,113,61,74,57,53,83,68,0,0,0,0,7,84,20,127,115,196,0,0,0,0,0,0,-3,-8,-7,0,-11,-15,-18,-26,-98,-94,-104,-120,-139,-75,-91,-80,-68,-47,-175,-175,-164,-157,-157,-160,-198,-197,-204,-197,-641,-193,-554,-377,-352,-323,-1194,-1126,-1170,-1146,-29999]} 1. d4 d5 2. Bf4 Nf6 3. e3 c5 4. c3 Nc6 5. Nd2 e6 6. Bd3 Bd6 7. Bxd6 {D00: 1 d4 d5: Unusual lines} Qxd6 8. f4 cxd4 9. cxd4 {The position is equal.} Bd7 (9... O-O 10. Ngf3 Bd7 11. a3 Rfc8 12. Ne5 Ne7 13. g4 Be8 14. O-O Qb6 {½-½ (14) Alekseev,E (2622)-Sakaev,K (2594) Sochi 2017}) 10. a3 h6 11. Ngf3 g5 12. g3 O-O-O $146 ({Predecessor:} 12... gxf4 13. exf4 Qc7 14. b4 a5 {0-1 (27) Csuri,L (2288)-Egedi,I (2288) Hungary 2003}) 13. Ne5 ({But not} 13. fxg5 hxg5 14. Qe2 Ng4 $15) 13... Qe7 14. Qf3 gxf4 (14... Kb8 $14) 15. Qxf4 $16 {Strongly threatening Rc1.} Nxe5 16. Qxe5 Ng4 17. Rc1+ Bc6 18. Qf4 Qg5 19. Nf3 Qxf4 20. exf4 f6 (20... Rhg8 $142) 21. h3 (21. O-O $142) 21... Ne3 22. Kf2 Nc4 23. Bxc4 dxc4 24. Rxc4 Kb8 25. Re1 Bd5 26. Rc3 Rd7 27. g4 Rg7 28. Rg1 Rd8 29. Nh4 Be4 30. Ke3 (30. Re1 $16 Rxd4 31. Nf3 Bxf3 32. Kxf3) 30... Bc6 31. f5 Re7 $1 32. fxe6 Rxe6+ 33. Kf4 (33. Kf2 $1 $14) 33... Rxd4+ $11 34. Kg3 h5 $1 35. Nf5 Rde4 {[#]} (35... Rd7 $1 $11) 36. gxh5 (36. Ng7 $1 $16 {[%cal Rg7e6]} R6e5 37. Nxh5) 36... R6e5 (36... Re8 $1 $11 {remains equal.}) 37. Rf1 $16 Re2 {[#]} (37... Bd7 $16) 38. h6 $2 ({White has to play} 38. Rf4 $1 $18) 38... Rg2+ $11 39. Kf4 Rg5 40. Ng3 {h7 is the strong threat.} Rg6 41. h4 $132 {[%mdl 2048] White puts up resistance} Rxh6 {[%cal Rh6h4]} 42. h5 Rg5 43. Re1 Rh8 44. Re6 Rhg8 {aiming for ...Rg4+.} 45. Ne2 (45. Re7 $1 $11) 45... Rxh5 $17 46. Rxf6 Rh2 47. Re3 Rf2+ ({Better is} 47... Rh4+ 48. Ke5 Re8+ 49. Re6 Rh5+ 50. Kd4 Rd8+ 51. Kc3 Rc5+ 52. Kb4 Rc2) 48. Ke5 Re8+ 49. Re6 Rd8 50. Re7 ({White should play} 50. Rd6 $15 Rg8 51. b4) 50... Rd5+ $19 51. Ke6 Rd2 52. Nc3 Rxb2 53. Rg3 {Intending Rg8+ and mate.} a6 54. Rg8+ Ka7 55. Kd6 $2 (55. Rg3) 55... Rb3 $2 (55... Rbd2+ 56. Kc7 Rf3) 56. Ne2 $2 (56. Rg3) 56... Rxa3 {And now ...Rd3+ would win.} 57. Nd4 Rd2 58. Kc5 $2 (58. Rg4) 58... Ra5+ 59. Kb4 Rxd4+ 60. Kxa5 Ra4# {Precision: White = 50%, Black = 52%.} 0-1